00810nam a2200265 a 4500001001300000003000900013005001700022008004100039020000900080082001400089100002000103245004500123260004700168300000800215500003500223505001000258650002600268650001400294700002000308902000800328942000700336952009300343952009300436999001500529nice12345678IN_TiNIC20260116011659.0050524s1916 mada grp 000 0 eng  ac3000a231bGAI1 aGairdner, W H T aGod as Triune, Creator Incarnate, Atoner aMadrasbChristian Literature Societyc1916 a65p aincludes index and biblioraphy2 aIndex aGod-Biblical Teaching aAtonement1 aGairdner, W H T bSRS cBK 00104070aHMIbHMId0000-00-00g30.00l0o231 GAI1p5927r0000-00-00w2026-01-16yARB 00104070aHMIbHMId0000-00-00g30.00l0o231 GAI1p6104r0000-00-00w2026-01-16yARB c3371d3371